|
|
|
|
| LEADER |
00000cam a2200000 a 4500 |
| 001 |
vtls010682186 |
| 003 |
SK-MaSNL |
| 005 |
20260331205457.0 |
| 008 |
251120s2015 xo a j f000 0 slo |
| 013 |
|
|
|a 288271
|b xo
|c patent
|d 20150417
|e dátum sprístupnenia patentu
|
| 013 |
|
|
|a 50052-2011
|e číslo prihlášky
|d 20111214
|e dátum podania prihlášky
|d 20130802
|e dátum zverejnenia prihlášky (Vestník ÚPV SR č.: 8/2013)
|
| 015 |
|
|
|a SNBN2015
|
| 040 |
|
|
|a SNK
|b slo
|c SNK
|e AACR2
|
| 041 |
0 |
|
|a slo
|
| 044 |
|
|
|a xo
|c SK
|
| 072 |
|
7 |
|a 621
|x Strojárstvo
|2 konspekt
|
| 080 |
|
|
|a 621.86/.87
|2 2001
|
| 080 |
|
|
|a 621.86
|2 2001
|
| 084 |
|
|
|a B23Q 1/00
|2 IPC
|
| 084 |
|
|
|a B23Q 3/00
|2 IPC
|
| 100 |
1 |
|
|a Kovačič, Juraj
|4 org
|9 336552
|
| 245 |
1 |
0 |
|a Polohovacie zariadenie na manipuláciu s pracovnými predmetmi v priestore a združenie týchto polohovacích zariadení
|c Juraj Kovačič ; patent. zást. Ivan Belička
|
| 260 |
|
|
|a [Banská Bystrica]
|b Úrad priemyselného vlastníctva SR
|c [2015]
|
| 300 |
|
|
|a 5 s.
|b obr.
|c 30 cm
|
| 650 |
0 |
7 |
|a manipulačná technika
|2 SNKPH
|9 67614
|
| 650 |
0 |
7 |
|a Material handling engineering
|2 SNKPHeng
|9 319769
|
| 650 |
0 |
7 |
|a manipulácia s materiálom
|2 SNKPH
|9 14946
|
| 650 |
0 |
7 |
|a Materials handling
|2 SNKPHeng
|9 316575
|
| 655 |
|
7 |
|a patenty
|2 SNKPH
|9 177343
|
| 655 |
|
7 |
|a patent licenses
|2 SNKPHeng
|9 303430
|
| 700 |
1 |
|
|a Belička, Ivan
|4 oth
|9 321224
|
| 710 |
2 |
|
|a KOVACO (Veľká Lehota, Slovensko)
|4 pth
|9 336555
|
| 852 |
|
|
|a Štátna vedecká knižnica v Banskej Bystrici
|
| 999 |
|
|
|c 953513
|d 955443
|
| 952 |
|
|
|a SNK
|b SNK
|y PREZ
|7 0
|p 17A1159219
|o snkSK 288271
|i snk2015/17488
|8 0
|0 0
|1 0
|4 0
|d 2015-06-03
|l 0
|r 2026-02-24 09:55:29
|w 2026-02-24
|